Kraków - linia tramwajowa nr 8 - Statystyki

Ogólne statystyki
  • Ten quiz został rozwiązany 100 razy
    14 od ostatniego zresetowania
  • Średni wynik to 16 z 26
Statystyki odpowiedzi
Hint Odpowiedź % Poprawnych
Pętla Borek Fałęcki
100%
9. Plac Wolnica
77%
10. Stradom
77%
11. Wawel
77%
Pętla Bronowice Małe P+R
69%
8. Korona
69%
4. (Pętla pośrednia, awaryjna) Łagiewniki
69%
16. Stefana Batorego
69%
12. Św. Gertrudy
69%
15. Teatr Bagatela
69%
17. Plac Inwalidów
62%
6. Rondo Matecznego
62%
5. Rzemieślnicza
62%
7. Smolki
62%
22. (Pętla pośrednia) Bronowice
54%
14. Filharmonia
54%
3. Łagiewniki SKA
54%
2. Solvay
54%
23. Wesele
54%
1. Borek Fałęcki I
46%
24. Bronowice SKA
46%
21. Głowackiego
46%
13. Plac Wszystkich Świętych
46%
20. UKEN
46%
18. Urzędnicza
46%
19. Biprostal
38%
Nie znaleziono quizów pasujących do podanych kryteriów
Rozkład punktacji
Procent ludzi z każdym wynikiem
Percentyl według liczby udzielonych odpowiedzi
Twoja historia wyników
Nie rozwiązałeś tego quizu od ostatniego zresetowania